Brawl Stars: Championship Skins by Picture - Statistics

General Stats
  • This quiz has been taken 77 times
    9 since last reset
  • The average score is 7 of 10
Answer Stats
Picture Hint Answer % Correct
2020 Challenger Colt
100%
2023 Champions W Otis
100%
2023 Hockey Mortis
88%
2022 Champions World Champion Gus
88%
2025 Street Shade
75%
2021 Cat Burglar Jessie
63%
2022 Ragequit Tara
63%
2024 The Fans' Fang
50%
2025 Champions World Championship Max
38%
2024 Champions World Finals Leon
38%
No matching quizzes found
Score Distribution
Percent of People with Each Score
Percentile by Number Answered
Your Score History
You have not taken this quiz since the last reset